| 000 | 00398nam a2200133Ia 4500 | ||
|---|---|---|---|
| 008 | 211109s9999||||xx |||||||||||||| ||und|| | ||
| 082 |
_a822.33 _bONI-S |
||
| 100 | _aOnions, C T, | ||
| 245 | 0 | _aShakespeare Glossary, 2nd Edition | |
| 260 |
_bOxford University Press _aBombay _c1921 |
||
| 630 | _xGeneral Stack | ||
| 650 |
_aEnglish & Old English literatures _vEnglish Drama _xLiterature |
||
| 942 | _cBOOK | ||
| 999 |
_c1909 _d1909 |
||